000 01338cam a22001934a 4500
005 20250605164106.0
008 250528s ||||||||||||||||||||||||d
035 _a17733
020 _a9781119087298
040 _aGR-AtMCL
_bgre
_dGR-AtMCL
_eAACR2
245 1 _aRelational Integrative Psychotherapy / Engaging Process and Theory in Practice
260 _bWiley Blackwell,
_c2016
300 _a264
520 _aThis is an ideal textbook for those students seeking to identify their own model of psychotherapy integration as well as for the advanced practitioner seeking a review of salient concepts. Foreword, Preface, Acknowledgements, What is Relational Integrative Psychotherapy?, Being and Doing Processes, Meeting and Contracting, Engaging the Therapeutic Process, Empathizing and Attuning, Holding and Containing and Boundarying, Resourcing: Nurturing Skills and Mobilizing Coping Strategies, Intuiting and Imagining and Interpreting, Challenging, Integrating, Ending, Theory Applied to Practice, Cognitively Orientated Therapy, Existential Phenomenology: Theory and Therapy, Gestalt Theory and Therapy, Relational Psychoanalytic Theory in Practice, Systemic Theory and Therapy, Transactional Analysis, Postscript, References, Index.
700 1 _aFinlay Linda
_93926
942 _cBK
999 _c3134
_d3134